| 000 | 01263cam a22003613a 4500 | ||
|---|---|---|---|
| 001 | 13179613 | ||
| 003 | ost | ||
| 005 | 20140310184441.0 | ||
| 008 | 030429s1992 flu j 000 1 eng d | ||
| 010 | _a 2003269433 | ||
| 020 | _a0590489968 | ||
| 035 | _a(OCoLC)ocm52005042 | ||
| 040 |
_aJPL _cJPL _dOCLCQ _dDLC |
||
| 043 | _aa-ja--- | ||
| 050 | 0 | 0 |
_aPZ 7 _b.So7242Pac 1992 |
| 100 | 1 |
_aSoto, Gary. _919204 |
|
| 245 | 1 | 0 |
_aPacific crossing / _cGary Soto. |
| 260 |
_aNew York, NY : _bScholastic Inc., _c1992. |
||
| 300 |
_a134 p. ; _c22 cm. |
||
| 521 | _aG5 | ||
| 526 | _c750 | ||
| 650 | 1 |
_aMexican Americans _vFiction. _927526 |
|
| 650 | 0 |
_aMexican Americans _vJuvenile fiction. _927527 |
|
| 651 | 1 |
_aJapan _vFiction. _927528 |
|
| 651 | 0 |
_aJapan _vJuvenile fiction. _927529 |
|
| 856 | 4 | 2 |
_3Contributor biographical information _uhttp://www.loc.gov/catdir/enhancements/fy0667/2003269433-b.html |
| 856 | 4 | 2 |
_3Publisher description _uhttp://www.loc.gov/catdir/enhancements/fy0667/2003269433-d.html |
| 906 |
_a7 _bcbc _ccopycat _d4 _encip _f20 _gy-gencatlg |
||
| 942 |
_2lcc _cBK-SCHOLAS |
||
| 999 |
_c34462 _d34462 |
||